Règlement intérieur de l'Assemblée / Sociéte des Nations = Rules of procedure of the assembly / League of Nations
Descripción Física:
[16] p. ; 34 cm
MARC
| LEADER | 00000nam a2200000Ia 4500 | ||
|---|---|---|---|
| 001 | 16202 | ||
| 008 | 160829s1921 xx 000 0 cat d | ||
| 080 | |a RF-13-36 | ||
| 100 | |a Societat de les Nacions |9 43531 | ||
| 245 | |a Règlement intérieur de l'Assemblée / Sociéte des Nations = Rules of procedure of the assembly / League of Nations | ||
| 260 | |a [Genève : |b Société des Nations], |c 1921 | ||
| 300 | |a [16] p. ; |c 34 cm | ||
| 590 | |a Text en anglès i francès. | ||
| 590 | |a Prové de 3812 | ||
| 650 | |a Societat de les Nacions. Assemblea |x Reglaments i procediment |9 43532 | ||
| 856 | 4 | |u https://media.diba.cat/diba/fitxers/arxiu/fulletons/bib_16202_1921_baixa.pdf |y Accés lliure | |
| 856 | 4 | |u https://media.diba.cat/diba/fitxers/arxiu/fulletons/bib_16202_1921_baixa.pdf |y Accés lliure | |
| 901 | |a Arxiu | ||
| 942 | |n 1 |2 udc | ||
| 952 | |0 0 |1 0 |4 0 |6 RF1336 |7 1 |9 51496 |a Arxiu |b Arxiu |d 2016-12-01 |l 0 |o RF-13-36 |p 16202 |r 2016-12-01 00:00:00 |w 2016-12-01 |y ARXIU | ||
| 999 | |c 55340 |d 55340 | ||
| 900 | |a bib_16202_1921_baixa.pdf | ||